La música y los músicos españoles contemporáneos (Record no. 104910)

MARC details
000 -LEADER
campo de control de longitud fija 01203nam a2200265 i 4500
001 - NÚMERO DE CONTROL
campo de control 104910
003 - IDENTIFICADOR DE NÚMERO DE CONTROL
campo de control ES-MaACL
005 - FECHA Y HORA DE LA ÚLTIMA TRANSACCIÓN
campo de control 20240312062541.0
007 - CAMPO FIJO DE DESCRIPCIÓN FÍSICA--INFORMACIÓN GENERAL
campo de control de longitud fija t|
008 - DATOS DE LONGITUD FIJA--INFORMACIÓN GENERAL
campo de control de longitud fija 060524q1911 sp |||| | spa d
080 ## - NÚMERO DE LA CLASIFICACIÓN DECIMAL UNIVERSAL
Número de la Clasificación Decimal Universal 78(460)
100 1# - ENTRADA PRINCIPAL--NOMBRE DE PERSONA
Nombre de persona Villar, Rogelio del.
9 (RLIN) 115081
245 13 - MENCIÓN DEL TÍTULO
Título La música y los músicos españoles contemporáneos
Resto del título : conferencias leídas en el Ateneo de Madrid /
Mención de responsabilidad, etc. Rogelio Villar.
260 ## - PUBLICACIÓN, DISTRIBUCIÓN, ETC.
Lugar de publicación, distribución, etc. San Sebastián :
Nombre del editor, distribuidor, etc. Casa Erviti,
Fecha de publicación, distribución, etc. [ca. 1911]
300 ## - DESCRIPCIÓN FÍSICA
Extensión 51 p. ;
Dimensiones 19 cm.
505 8# - NOTA DE CONTENIDO CON FORMATO
Nota de contenido con formato Contiene: Tema de la 1ª conferencia ;
Título De la música y de los músicos españoles contemporáneos - Tema de la 2ª conferencia ;
-- Influencia del "dilettantismo"
530 ## - NOTA DISPONIBLE DE FORMULARIO FÍSICO ADICIONAL
Nota de formato físico adicional disponible Disponible en formato digital.
594 ## - Nota al título y mención de responsabilidad
Nota al título y mención de responsabilidad Conferencias dadas en el Ateneo de Madrid los días 22 y 26 de diciembre de 1911.
594 ## - Nota al título y mención de responsabilidad
Nota al título y mención de responsabilidad Conferencias organizadas por el Ministerio de Instrucción Pública y Bellas Artes.
610 24 - PUNTO DE ACCESO ADICIONAL DE MATERIA--NOMBRE DE ENTIDAD CORPORATIVA
Nombre de entidad corporativa o nombre de jurisdicción como elemento de entrada Ateneo de Madrid-
Subdivisión de forma Conferencias-
Subdivisión cronológica 1900-1939
9 (RLIN) 1907
650 #4 - PUNTO DE ACCESO ADICIONAL DE MATERIA--TÉRMINO DE MATERIA
Término de materia o nombre geográfico como elemento de entrada Música española-
Subdivisión cronológica S.XIX.
9 (RLIN) 15407
852 ## - LOCALIZACIÓN
Ubicación ES-MaACL
Número de control de estantería T-1328-F-1
856 ## - LOCALIZACIÓN Y ACCESO ELECTRÓNICOS
Identificador Uniforme de Recursos <a href="http://bdh-rd.bne.es/viewer.vm?id=0000228083&page=1 ">http://bdh-rd.bne.es/viewer.vm?id=0000228083&page=1 </a>
Nota pública Biblioteca Digital Hispánica
Holdings
Estatus retirado Estado de pérdida Estado de daño No para préstamo Colección Biblioteca de origen Biblioteca actual Ubicación en estantería Fecha de adquisición Fuente de adquisición Total de préstamos Signatura topográfica completa Código de barras Visto por última vez Precio de reemplazo Tipo de ítem Koha
        Colección de folletos Biblioteca del Ateneo de Madrid Biblioteca del Ateneo de Madrid Depósito folletos 17/01/2008     T-1328-F-1 1109524 23/02/2023 23/02/2023 Folleto